00877nam a2200229 a 4500001001000000003000500010005001700015008004100032010001100073011001100084040000900095100004100104245013500145260004100280500006000321502008200381650002700463650001900490650002700509650004100536856007000577000114405CHAP20220329144440.0180119s2017 mx sm |||||||spa d a110866 a111838 cCHAP1 aLópez Jaramillo, Johanna Alejandra10aCalidad de agua de la subcuenca del río chapingo. Texcoco Edo. de Méx.h[En línea]cpor Johanna Alejandra López Jaramillo. aChapingo, Méx. :bEl autor,c2017. aPara ver el contenido del material haga clic en la liga aTesis (Ing. en Recursos Naturales Renovables) -- UACH. Departamento de Suelos14aAguaxBacteriología.14aAguaxCalidad.14aAguaxContaminación.14aCuencasxEscurrimientosxMedición. aFinding aiduhttp://10.13.5.2/tesis/sist114405.pdfzTeclea aquí